|
|
|
|
| LEADER |
02236nam a2200577 a 4500 |
| 001 |
nkc20142603218 |
| 003 |
CZ PrNK |
| 005 |
20190527204748.0 |
| 007 |
ta |
| 008 |
140630s2014 xr acghf 000 0deng |
| 015 |
|
|
|a cnb002603218
|
| 020 |
|
|
|a 978-80-903965-6-2
|q (brož.)
|z 9788090396562
|
| 035 |
|
|
|a (OCoLC)886606621
|
| 040 |
|
|
|a BOA001
|b cze
|d OLA001
|
| 041 |
1 |
|
|a eng
|a slo
|h slo
|
| 043 |
|
|
|a e-xo---
|
| 045 |
|
|
|a x-x-
|
| 072 |
|
7 |
|a 78.07
|x Hudebníci, skladatelé a jiná hudební povolání
|2 Konspekt
|9 9
|
| 080 |
|
|
|a 78.071.1
|2 MRF
|
| 080 |
|
|
|a 784
|2 MRF
|
| 080 |
|
|
|a 78.02
|2 MRF
|
| 080 |
|
|
|a 78(091)
|2 MRF
|
| 080 |
|
|
|a (437.6)
|2 MRF
|
| 080 |
|
|
|a (048.8)
|2 MRF
|
| 100 |
1 |
|
|a Strenáčiková, Mária,
|d 1952-
|7 ola2011648778
|4 aut
|
| 245 |
1 |
0 |
|a Notes on vocal works of Slovak composers of the 20th century /
|c Mária Strenáčiková, Sr., Mária Strenáčiková, Jr. ; [translation Mária Strenáčiková]
|
| 250 |
|
|
|a Ed. 1st
|
| 260 |
|
|
|a Zlín :
|b Alisa Group,
|c 2014
|
| 300 |
|
|
|a 170 s. :
|b il., portréty, faksim., noty ;
|c 21 cm
|
| 500 |
|
|
|a Přeloženo ze slovenštiny?
|
| 500 |
|
|
|a 100 výt.
|
| 504 |
|
|
|a Obsahuje bibliografie a bibliografické odkazy
|
| 546 |
|
|
|a Část. souběžný slovenský text
|
| 648 |
|
7 |
|a 19.-21. století
|7 ch757016
|2 czenas
|
| 648 |
|
7 |
|a 20. století
|7 ch460558
|2 czenas
|
| 650 |
0 |
7 |
|a hudební skladatelé
|7 ph120923
|z Slovensko
|y 19.-21. století
|2 czenas
|
| 650 |
0 |
7 |
|a vokální hudba
|7 ph116628
|z Slovensko
|y 20. století
|2 czenas
|
| 650 |
0 |
7 |
|a hudební kompozice
|7 ph120912
|z Slovensko
|y 20. století
|2 czenas
|
| 650 |
0 |
7 |
|a dějiny hudby
|7 ph120731
|z Slovensko
|2 czenas
|
| 650 |
0 |
9 |
|a composers
|z Slovakia
|y 19th-21st centuries
|2 eczenas
|
| 650 |
0 |
9 |
|a vocal music
|z Slovakia
|y 20th century
|2 eczenas
|
| 650 |
0 |
9 |
|a composition (music)
|z Slovakia
|y 20th century
|2 eczenas
|
| 650 |
0 |
9 |
|a history of music
|z Slovakia
|2 eczenas
|
| 655 |
|
7 |
|a monografie
|7 fd132842
|2 czenas
|
| 655 |
|
9 |
|a monographs
|2 eczenas
|
| 700 |
1 |
|
|a Strenáčiková, Mária,
|d 1976-
|7 mzk2014829816
|4 aut
|4 trl
|
| 910 |
2 |
|
|a BOA001
|b 2-1329.497
|
| 990 |
|
|
|a BK
|
| 995 |
|
|
|a 01
|
| 991 |
|
|
|b 201407
|c NOV
|e n
|
| 996 |
6 |
|
|b 2610597394
|c 2-1329.497
|l MZK
|r Sklad / do 1 hodiny
|n 1
|p p.v.
|w 001438264
|u 000010
|a 1
|e BOA001
|j MZK50
|s P
|